000 00739 #a2200265 #4500
001 BNM000864
005 20140409105502.0
008 aespañol
020 _a987-558-003-1
040 _aAR-C50180D0
100 _aPadoan, Marcelo
245 _aJesús, el templo y los viles mercaderes
_bun examen de la discursividad yrigoyenista
_cMarcelo Padoan
250 _a1a.ed.
260 _aBernal
_bUniversidad Nacional de Quilmes
_c2002
300 _a248 p.
440 _aLa ideología argentina
600 _aUNION CIVICA RADICAL
600 _aYRIGOYEN, HIPOLITO
650 _aPARTIDO POLITICO
653 _aRADICALISMO
800 _aTerán, Oscar
942 _2ddc
_cLIBRO
999 _c1655
_d1655